[Event "29. Klatovy A 2023"]
[Site "Klatovy"]
[Date "2023.07.04"]
[Round "4.14"]
[White "Munk, Petr"]
[Black "Stary, Lukas"]
[Result "1-0"]
[WhiteElo "2096"]
[BlackElo "1921"]
[PlyCount "71"]
[EventDate "2023.07.01"]
[EventType "swiss"]
[EventRounds "9"]
[EventCountry "CZE"]
[TimeControl "120+30"]

1. e4 {[%emt 0:00:24]} g6 {[%emt 0:00:14]} 2. c4 {[%emt 0:01:53]} d6 {[%emt 0:04:00]} 3. d4 {[%emt 0:00:15]} Bg7 {[%emt 0:00:55]} 4. Nf3 {[%emt 0:02:16]} Nf6 {[%emt 0:01:10]} 5. Nc3 {[%emt 0:00:07]} O-O {[%emt 0:00:12]} 6. Be2 {[%emt 0:01:28]} e5 {[%emt 0:00:04]} 7. d5 {[%emt 0:02:29]} a5 {[%emt 0:00:25]} 8. Be3 {[%emt 0:00:07]} Na6 {[%emt 0:01:36]} 9. Nd2 {[%emt 0:00:20]} Ne8 {[%emt 0:02:39]} 10. O-O {[%emt 0:00:39]} f5 {[%emt 0:00:16]} 11. f3 {[%emt 0:00:44]} f4 {[%emt 0:00:11]} 12. Bf2 {[%emt 0:00:02]} g5 {[%emt 0:01:25]} 13. a3 {[%emt 0:01:56]} Bd7 {[%emt 0:11:27]} 14. Rb1 {[%emt 0:03:31]} Nf6 {[%emt 0:00:57]} 15. b4 {[%emt 0:00:21]} axb4 {[%emt 0:00:42]} 16. axb4 {[%emt 0:00:02]} Rf7 {[%emt 0:01:34]} 17. c5 {[%emt 0:03:56]} Bf8 {[%emt 0:10:25]} 18. c6 {[%emt 0:09:24]} Bc8 {[%emt 0:04:47]} 19. Ra1 {[%emt 0:20:30]} g4 {[%emt 0:16:59]} 20. fxg4 {[%emt 0:00:57]} b5 {[%emt 0:08:30]} 21. h3 {[%emt 0:12:20]} Rg7 {[%emt 0:02:41]} 22. Bxb5 {[%emt 0:09:26]} h5 {[%emt 0:01:08]} 23. Be2 {[%emt 0:02:32]} hxg4 {[%emt 0:00:28]} 24. hxg4 {[%emt 0:00:20]} Bxg4 {[%emt 0:00:52]} 25. Bh4 {[%emt 0:07:36]} Nxe4 {[%emt 0:22:44]} 26. Bxd8 {[%emt 0:08:35]} Nxc3 {[%emt 0:00:20]} 27. Bxg4 {[%emt 0:00:23]} Nxd1 {[%emt 0:01:21]} 28. Be6+ {[%emt 0:00:01]} Kh7 {[%emt 0:00:59]} 29. Rfxd1 {[%emt 0:00:12]} Rxd8 {[%emt 0:01:10]} 30. Rxa6 {[%emt 0:00:06]} Rb8 {[%emt 0:00:53]} 31. Rb1 {[%emt 0:00:25]} Be7 {[%emt 0:00:25]} 32. b5 {[%emt 0:06:37]} Bd8 {[%emt 0:02:22]} 33. Bf5+ {[%emt 0:00:35]} Kh6 {[%emt 0:00:16]} 34. Be4 {[%emt 0:00:09]} Rg3 {[%emt 0:00:47]} 35. Bf3 {[%emt 0:00:12]} Kg7 {[%emt 0:00:54]} 36. Ra7 {[%emt 0:00:00]} 1-0

[Event "29. Klatovy A 2023"]
[Site "Klatovy"]
[Date "2023.07.04"]
[Round "4.15"]
[White "Sedmihradsky, Tomas"]
[Black "Palek, Miroslav"]
[Result "0-1"]
[WhiteElo "1775"]
[BlackElo "2091"]
[PlyCount "78"]
[EventDate "2023.07.01"]
[EventType "swiss"]
[EventRounds "9"]
[EventCountry "CZE"]
[TimeControl "120+30"]

1. d4 {[%emt 0:00:11]} c5 {[%emt 0:01:32]} 2. d5 {[%emt 0:00:00]} e5 {[%emt 0:00:14]} 3. c4 {[%emt 0:00:28]} d6 {[%emt 0:00:15]} 4. Nc3 {[%emt 0:00:11]} Be7 {[%emt 0:00:55]} 5. e4 {[%emt 0:00:13]} Bg5 {[%emt 0:01:18]} 6. Bxg5 {[%emt 0:01:02]} Qxg5 {[%emt 0:00:09]} 7. Nf3 {[%emt 0:00:26]} Qd8 {[%emt 0:01:01]} 8. Qa4+ {[%emt 0:01:55]} Bd7 {[%emt 0:02:43]} 9. Qb3 {[%emt 0:01:31]} b6 {[%emt 0:01:54]} 10. Nb5 {[%emt 0:04:49]} Bxb5 {[%emt 0:03:41]} 11. Qxb5+ {[%emt 0:01:21]} Qd7 {[%emt 0:00:12]} 12. Qb3 {[%emt 0:00:33]} Na6 {[%emt 0:00:56]} 13. O-O-O {[%emt 0:03:20]} Nf6 {[%emt 0:01:37]} 14. Re1 {[%emt 0:04:20]} O-O {[%emt 0:03:52]} 15. g3 {[%emt 0:05:23]} Rfb8 {[%emt 0:00:49]} 16. a4 {[%emt 0:21:07]} Nc7 {[%emt 0:01:25]} 17. Kd2 {[%emt 0:20:57]} a6 {[%emt 0:00:20]} 18. Qc2 {[%emt 0:01:20]} b5 {[%emt 0:00:38]} 19. Ra1 {[%emt 0:00:15]} bxa4 {[%emt 0:02:54]} 20. Bd3 {[%emt 0:02:05]} Rb4 {[%emt 0:06:41]} 21. Rhb1 {[%emt 0:01:53]} Rab8 {[%emt 0:05:31]} 22. Nh4 {[%emt 0:01:46]} g6 {[%emt 0:06:56]} 23. Ra2 {[%emt 0:06:02]} Qh3 {[%emt 0:28:25]} 24. Bf1 {[%emt 0:09:25]} Qd7 {[%emt 0:04:29]} 25. Ra3 {[%emt 0:04:36]} Nfe8 {[%emt 0:04:23]} 26. Kc1 {[%emt 0:07:52]} Ng7 {[%emt 0:02:10]} 27. Qe2 {[%emt 0:02:18]} Nce8 {[%emt 0:01:03]} 28. f4 {[%emt 0:03:17]} Qe7 {[%emt 0:07:57]} 29. Ng2 {[%emt 0:05:40]} Nf6 {[%emt 0:03:00]} 30. Ne1 {[%emt 0:10:12]} exf4 {[%emt 0:01:26]} 31. Nc2 {[%emt 0:00:13]} Rb3 {[%emt 0:03:07]} 32. gxf4 {[%emt 0:01:26]} Qxe4 {[%emt 0:01:42]} 33. Qxe4 {[%emt 0:00:36]} Nxe4 {[%emt 0:00:08]} 34. Rxa4 {[%emt 0:00:18]} Nc3 {[%emt 0:00:18]} 35. Rxa6 {[%emt 0:01:26]} Nxb1 {[%emt 0:00:09]} 36. Rxd6 {[%emt 0:00:27]} Rxb2 {[%emt 0:01:03]} 37. Bh3 {[%emt 0:00:36]} Nc3 {[%emt 0:00:44]} 38. Rc6 {[%emt 0:00:57]} Ne4 {[%emt 0:00:53]} 39. Na3 {[%emt 0:00:25]} Rxh2 {[%emt 0:01:43]} 0-1

[Event "29. Klatovy A 2023"]
[Site "Klatovy"]
[Date "2023.07.04"]
[Round "4.16"]
[White "Topencik, Bruno"]
[Black "Pirklova, Hana"]
[Result "1/2-1/2"]
[WhiteElo "1780"]
[BlackElo "2085"]
[PlyCount "45"]
[EventDate "2023.07.01"]
[EventType "swiss"]
[EventRounds "9"]
[EventCountry "CZE"]
[TimeControl "120+30"]

1. e4 {[%emt 0:00:45]} e6 {[%emt 0:00:09]} 2. d4 {[%emt 0:00:35]} d5 {[%emt 0:00:05]} 3. Nd2 {[%emt 0:00:18]} Nf6 {[%emt 0:00:10]} 4. e5 {[%emt 0:00:16]} Nfd7 {[%emt 0:00:04]} 5. Bd3 {[%emt 0:00:10]} c5 {[%emt 0:00:11]} 6. c3 {[%emt 0:00:09]} Nc6 {[%emt 0:00:12]} 7. Ne2 {[%emt 0:00:14]} Qb6 {[%emt 0:01:58]} 8. Nf3 {[%emt 0:01:17]} cxd4 {[%emt 0:04:14]} 9. cxd4 {[%emt 0:00:19]} f6 {[%emt 0:01:33]} 10. exf6 {[%emt 0:00:42]} Nxf6 {[%emt 0:00:05]} 11. O-O {[%emt 0:00:56]} Bd6 {[%emt 0:00:51]} 12. Bf4 {[%emt 0:01:46]} Bxf4 {[%emt 0:00:33]} 13. Nxf4 {[%emt 0:00:10]} O-O {[%emt 0:00:45]} 14. Re1 {[%emt 0:13:09]} Ne4 {[%emt 0:15:26]} 15. g3 {[%emt 0:09:20]} Qxb2 {[%emt 0:08:53]} 16. Bxe4 {[%emt 0:07:02]} dxe4 {[%emt 0:00:10]} 17. Rxe4 {[%emt 0:01:10]} e5 {[%emt 0:18:53]} 18. Nxe5 {[%emt 0:06:53]} Bf5 {[%emt 0:01:16]} 19. Re2 {[%emt 0:06:01]} Qb6 {[%emt 0:18:40]} 20. Nxc6 {[%emt 0:08:44]} bxc6 {[%emt 0:00:08]} 21. Qb3+ {[%emt 0:07:05]} Kh8 {[%emt 0:02:51]} 22. Qxb6 {[%emt 0:03:35]} axb6 {[%emt 0:00:06]} 23. Rc1 {[%emt 0:01:46]} 1/2-1/2

[Event "29. Klatovy A 2023"]
[Site "Klatovy"]
[Date "2023.07.04"]
[Round "4.17"]
[White "Novotny, David"]
[Black "Kishore, Kumar Jaganathan"]
[Result "0-1"]
[WhiteElo "2034"]
[BlackElo "1860"]
[PlyCount "66"]
[EventDate "2023.07.01"]
[EventType "swiss"]
[EventRounds "9"]
[EventCountry "CZE"]
[TimeControl "120+30"]

1. d4 {[%emt 0:00:07]} Nf6 {[%emt 0:06:44]} 2. Nc3 {[%emt 0:00:11]} d5 {[%emt 0:00:22]} 3. Bf4 {[%emt 0:00:08]} g6 {[%emt 0:00:17]} 4. e3 {[%emt 0:00:08]} Bg7 {[%emt 0:00:12]} 5. h4 {[%emt 0:00:25]} h5 {[%emt 0:00:27]} 6. Nf3 {[%emt 0:00:25]} O-O {[%emt 0:00:16]} 7. Ne5 {[%emt 0:03:39]} c5 {[%emt 0:01:12]} 8. Qd2 {[%emt 0:07:43]} cxd4 {[%emt 0:05:05]} 9. exd4 {[%emt 0:00:11]} Nc6 {[%emt 0:00:05]} 10. O-O-O {[%emt 0:02:42]} Bf5 {[%emt 0:01:51]} 11. f3 {[%emt 0:19:56]} Rc8 {[%emt 0:05:48]} 12. Kb1 {[%emt 0:11:56]} Qa5 {[%emt 0:12:16]} 13. Rg1 {[%emt 0:14:02]} Nb4 {[%emt 0:08:13]} 14. Bd3 {[%emt 0:06:00]} Rxc3 {[%emt 0:30:07]} 15. Qxc3 {[%emt 0:02:14]} Qxa2+ {[%emt 0:02:08]} 16. Kc1 {[%emt 0:00:02]} Qa4 {[%emt 0:16:37]} 17. Qa3 {[%emt 0:14:46]} Na2+ {[%emt 0:02:39]} 18. Kd2 {[%emt 0:01:30]} Qxd4 {[%emt 0:00:19]} 19. Be3 {[%emt 0:12:39]} Qxe5 {[%emt 0:01:43]} 20. Bxf5 {[%emt 0:02:33]} Qxf5 {[%emt 0:06:26]} 21. Qxa2 {[%emt 0:04:33]} d4 {[%emt 0:00:52]} 22. Bxd4 {[%emt 0:07:48]} Bh6+ {[%emt 0:06:10]} 23. Ke1 {[%emt 0:02:50]} e5 {[%emt 0:04:59]} 24. Bc3 {[%emt 0:03:44]} e4 {[%emt 0:01:07]} 25. Rd6 {[%emt 0:06:43]} exf3 {[%emt 0:01:34]} 26. Rxf6 {[%emt 0:00:07]} Re8+ {[%emt 0:03:46]} 27. Kf2 {[%emt 0:01:42]} Be3+ {[%emt 0:00:39]} 28. Ke1 {[%emt 0:03:44]} f2+ {[%emt 0:00:21]} 29. Ke2 {[%emt 0:00:18]} fxg1=N+ {[%emt 0:01:15]} 30. Kd1 {[%emt 0:00:18]} Qd7+ {[%emt 0:00:14]} 31. Ke1 {[%emt 0:00:56]} Bc5+ {[%emt 0:00:14]} 32. Kf1 {[%emt 0:01:56]} Qb5+ {[%emt 0:00:12]} 33. Qc4 {[%emt 0:00:31]} Qxc4# {[%emt 0:00:06]} 0-1

[Event "29. Klatovy A 2023"]
[Site "Klatovy"]
[Date "2023.07.04"]
[Round "4.18"]
[White "Honcharov, Makar"]
[Black "Martirosyan, David"]
[Result "1/2-1/2"]
[WhiteElo "1696"]
[BlackElo "1908"]
[PlyCount "62"]
[EventDate "2023.07.01"]
[EventType "swiss"]
[EventRounds "9"]
[EventCountry "CZE"]
[TimeControl "120+30"]

1. e4 {[%emt 0:00:05]} e5 {[%emt 0:00:27]} 2. Nf3 {[%emt 0:00:14]} Nf6 {[%emt 0:00:10]} 3. d4 {[%emt 0:03:13]} Nxe4 {[%emt 0:00:12]} 4. Nxe5 {[%emt 0:00:08]} d6 {[%emt 0:00:22]} 5. Nf3 {[%emt 0:00:00]} d5 {[%emt 0:00:10]} 6. Bd3 {[%emt 0:00:20]} Nc6 {[%emt 0:00:10]} 7. O-O {[%emt 0:01:42]} Be7 {[%emt 0:00:06]} 8. c4 {[%emt 0:02:26]} Nb4 {[%emt 0:00:07]} 9. Be2 {[%emt 0:00:00]} O-O {[%emt 0:00:00]} 10. Nc3 {[%emt 0:00:00]} Bf5 {[%emt 0:00:00]} 11. Bf4 {[%emt 0:00:00]} a6 {[%emt 0:00:00]} 12. Nxd5 {[%emt 0:00:00]} Nxd5 {[%emt 0:00:00]} 13. cxd5 {[%emt 0:00:00]} Nf6 {[%emt 0:00:00]} 14. Bc4 {[%emt 0:00:00]} Be4 {[%emt 0:00:00]} 15. Rc1 {[%emt 0:00:00]} Bd6 {[%emt 0:00:00]} 16. Be5 {[%emt 0:00:00]} Nxd5 {[%emt 0:00:00]} 17. Re1 {[%emt 0:00:00]} Bxf3 {[%emt 0:00:00]} 18. Qxf3 {[%emt 1:14:09]} Ne7 {[%emt 0:01:31]} 19. Bxd6 {[%emt 0:07:40]} Qxd6 {[%emt 0:01:05]} 20. Qxb7 {[%emt 0:02:03]} Nf5 {[%emt 0:02:43]} 21. d5 {[%emt 0:04:12]} Nd4 {[%emt 0:00:29]} 22. Bd3 {[%emt 0:06:31]} Rab8 {[%emt 0:11:54]} 23. Qxc7 {[%emt 0:05:57]} Qxd5 {[%emt 0:00:09]} 24. Bc4 {[%emt 0:13:19]} Qf5 {[%emt 0:00:14]} 25. b3 {[%emt 0:03:19]} a5 {[%emt 0:03:20]} 26. Qe5 {[%emt 0:02:24]} Qxe5 {[%emt 0:05:29]} 27. Rxe5 {[%emt 0:00:52]} a4 {[%emt 0:02:01]} 28. Re4 {[%emt 0:02:01]} Rfd8 {[%emt 0:02:22]} 29. Rce1 {[%emt 0:01:50]} Nc2 {[%emt 0:02:56]} 30. Rc1 {[%emt 0:02:53]} Nd4 {[%emt 0:00:14]} 31. Rce1 {[%emt 0:00:00]} Nc2 {[%emt 0:00:00]} 1/2-1/2

[Event "29. Klatovy A 2023"]
[Site "Klatovy"]
[Date "2023.07.04"]
[Round "4.20"]
[White "Vana, Jan 2010"]
[Black "Folk, Petr"]
[Result "0-1"]
[WhiteElo "1890"]
[BlackElo "2131"]
[PlyCount "56"]
[EventDate "2023.07.01"]
[EventType "swiss"]
[EventRounds "9"]
[EventCountry "CZE"]

1. d4 Nf6 2. c4 e6 3. Nf3 Bb4+ 4. Bd2 Qe7 5. e3 O-O 6. Bxb4 Qxb4+ 7. Qd2 Qxd2+ 8. Nbxd2 d6 9. Bd3 Re8 10. e4 e5 11. d5 Nbd7 12. Ke2 a5 13. b3 Nc5 14. Bc2 Nh5 15. g3 g6 16. Ne1 f5 17. f3 Nf6 18. a3 Rf8 19. Rb1 fxe4 20. fxe4 Bh3 21. b4 axb4 22. axb4 Bg4+ 23. Ke3 Ra3+ 24. Bd3 Nxd3 25. Nxd3 Nxe4 26. Rhf1 Nxd2 27. Rxf8+ Kxf8 28. Kxd2 Rxd3+ 0-1

[Event "29. Klatovy A 2023"]
[Site "Klatovy"]
[Date "2023.07.04"]
[Round "4.21"]
[White "Pecka, Jan"]
[Black "Roubal, Matyas"]
[Result "1-0"]
[WhiteElo "2054"]
[BlackElo "1850"]
[PlyCount "49"]
[EventDate "2023.07.01"]
[EventType "swiss"]
[EventRounds "9"]
[EventCountry "CZE"]

1. e4 c5 2. Nf3 Nc6 3. Bb5 g6 4. O-O Bg7 5. c3 Nf6 6. Re1 O-O 7. d4 d5 8. exd5 Qxd5 9. c4 Qd6 10. d5 Nd4 11. Nxd4 cxd4 12. h3 Nd7 13. Nd2 Nb6 14. Ne4 Qc7 15. d6 exd6 16. Bf4 Be5 17. Bh6 a6 18. Bxf8 axb5 19. Bxd6 Bxd6 20. Nf6+ Kh8 21. Re8+ Kg7 22. Qxd4 Be5 23. Rxe5 Qc6 24. Nh5+ gxh5 25. Re6+ 1-0

[Event "29. Klatovy A 2023"]
[Site "Klatovy"]
[Date "2023.07.04"]
[Round "4.22"]
[White "Mametev, Artem"]
[Black "Lhotsky, Zdenek"]
[Result "1-0"]
[WhiteElo "1991"]
[BlackElo "1840"]
[PlyCount "49"]
[EventDate "2023.07.01"]
[EventType "swiss"]
[EventRounds "9"]
[EventCountry "CZE"]

1. e4 c5 2. Nf3 d6 3. d4 cxd4 4. Nxd4 Nf6 5. Nc3 a6 6. Bc4 Nbd7 7. O-O e6 8. Bb3 Nc5 9. f4 Qc7 10. f5 e5 11. Nde2 Ncxe4 12. Nxe4 Nxe4 13. Be3 Nf6 14. Nc3 Bd7 15. Nd5 Nxd5 16. Bxd5 Bc6 17. f6 gxf6 18. Rxf6 Bxd5 19. Qxd5 Bg7 20. Rxd6 O-O 21. Rf1 Rad8 22. Rxd8 Rxd8 23. Rxf7 Qxf7 24. Qxd8+ Bf8 25. Bh6 1-0

[Event "29. Klatovy A 2023"]
[Site "Klatovy"]
[Date "2023.07.04"]
[Round "4.23"]
[White "Kroulik, Vaclav"]
[Black "Strnad, Jakub"]
[Result "1/2-1/2"]
[WhiteElo "1750"]
[BlackElo "1957"]
[PlyCount "76"]
[EventDate "2023.07.01"]
[EventType "swiss"]
[EventRounds "9"]
[EventCountry "CZE"]

1. e4 e5 2. Nf3 Nc6 3. Bc4 Nf6 4. d3 h6 5. O-O d6 6. h3 Be7 7. c3 O-O 8. Qe2 Re8 9. Na3 a6 10. Bb3 Bf8 11. Nc2 Na5 12. Ba4 b5 13. Bb3 Nxb3 14. axb3 d5 15. exd5 Qxd5 16. c4 Qd6 17. Nd2 Rd8 18. Ne1 Bb7 19. Ne4 Nxe4 20. dxe4 bxc4 21. bxc4 Qd4 22. Nf3 Qxe4 23. Qxe4 Bxe4 24. Nxe5 f6 25. Ng4 Bd3 26. Re1 Bxc4 27. Bf4 Bd6 28. Bxd6 cxd6 29. Re7 Rab8 30. Ne3 Kf8 31. Rc7 Bd3 32. Ra3 Bg6 33. Rxa6 Ra8 34. Rxa8 Rxa8 35. Rd7 Rb8 36. Rxd6 Rxb2 37. Rd7 Be4 38. Nc4 Rb7 1/2-1/2

[Event "29. Klatovy A 2023"]
[Site "Klatovy"]
[Date "2023.07.04"]
[Round "4.24"]
[White "Simak, Roman"]
[Black "Novak, Vaclav2"]
[Result "1/2-1/2"]
[WhiteElo "1838"]
[BlackElo "1948"]
[PlyCount "85"]
[EventDate "2023.07.01"]
[EventType "swiss"]
[EventRounds "9"]
[EventCountry "CZE"]

1. d4 d5 2. c4 e6 3. Nc3 Nf6 4. Nf3 Nbd7 5. Bf4 c6 6. e3 Be7 7. h3 Nf8 8. c5 Ng6 9. Bh2 O-O 10. Bd3 Re8 11. Qc2 Nd7 12. e4 dxe4 13. Nxe4 Nf6 14. O-O Nd5 15. Qd2 b6 16. Rad1 b5 17. Rfe1 a5 18. Bd6 Ba6 19. Nh2 b4 20. Bxa6 Rxa6 21. f4 Ra7 22. Nf3 Bxd6 23. Nxd6 Rf8 24. g3 Nge7 25. Qd3 h6 26. Ne5 a4 27. Rf1 f6 28. Nec4 Nc8 29. Rde1 Re7 30. f5 exf5 31. Nxf5 Rxe1 32. Rxe1 Qd7 33. Qe4 a3 34. bxa3 bxa3 35. Qg4 Kh7 36. Re7 Qxe7 37. Nxe7 Ncxe7 38. Nxa3 f5 39. Qf3 Rf6 40. Nc4 f4 41. g4 Ng6 42. Qe4 f3 43. Ne5 1/2-1/2

[Event "29. Klatovy A 2023"]
[Site "Klatovy"]
[Date "2023.07.04"]
[Round "4.25"]
[White "Mik, Tomas"]
[Black "Andrle, Filip"]
[Result "1-0"]
[WhiteElo "1940"]
[BlackElo "1692"]
[PlyCount "52"]
[EventDate "2023.07.01"]
[EventType "swiss"]
[EventRounds "9"]
[EventCountry "CZE"]

1. Nc3 c5 2. e4 Nc6 3. Nf3 d6 4. d4 cxd4 5. Nxd4 Nf6 6. Be2 e5 7. Nf3 Be7 8. Bg5 Be6 9. O-O O-O 10. Re1 h6 11. Bxf6 Bxf6 12. Nd5 Rc8 13. c3 Be7 14. Bf1 f5 15. exf5 Bxf5 16. Qb3 Be6 17. Bc4 Kh8 18. Nxe7 Na5 19. Ng6+ Kh7 20. Nxf8+ Qxf8 21. Bd3+ Bf5 22. Bxf5+ Qxf5 23. Qd5 Nc4 24. b3 Nb6 25. Qxd6 Rxc3 26. Qxe5 Qg6 1-0

[Event "29. Klatovy A 2023"]
[Site "Klatovy"]
[Date "2023.07.04"]
[Round "4.26"]
[White "Holy, Filip"]
[Black "Benes, Jachym"]
[Result "1-0"]
[WhiteElo "2129"]
[BlackElo "1806"]
[PlyCount "64"]
[EventDate "2023.07.01"]
[EventType "swiss"]
[EventRounds "9"]
[EventCountry "CZE"]

1. e4 e6 2. d4 d5 3. e5 c5 4. c3 Nc6 5. Nf3 Qb6 6. Bd3 Bd7 7. dxc5 Bxc5 8. O-O a5 9. Nbd2 a4 10. b4 axb3 11. Nxb3 Nge7 12. Bf4 Ng6 13. Bg3 Be7 14. Re1 O-O 15. h4 Rfc8 16. h5 Nf8 17. h6 g6 18. Qd2 Na5 19. Nbd4 Qc5 20. Bh4 Bxh4 21. Nxh4 Be8 22. Qg5 Nd7 23. Nxe6 fxe6 24. Nxg6 Bxg6 25. Bxg6 Kh8 26. Be8 Qf8 27. Bxd7 Rxc3 28. Bxe6 Rc2 29. Qf6+ Qxf6 30. exf6 d4 31. Rad1 Nc6 32. Bd5 Raxa2 1-0

[Event "29. Klatovy A 2023"]
[Site "Klatovy"]
[Date "2023.07.04"]
[Round "4.27"]
[White "Kovar, Petr"]
[Black "Kucera, Petr2"]
[Result "1-0"]
[WhiteElo "1879"]
[BlackElo "1935"]
[PlyCount "71"]
[EventDate "2023.07.01"]
[EventType "swiss"]
[EventRounds "9"]
[EventCountry "CZE"]

1. c4 Nf6 2. Nc3 e6 3. d4 Bb4 4. Qc2 d5 5. e3 O-O 6. Nf3 c5 7. a3 cxd4 8. exd4 Bxc3+ 9. bxc3 h6 10. Bd3 dxc4 11. Bxc4 Qc7 12. Be2 Nc6 13. O-O e5 14. Rd1 e4 15. Ne1 Bg4 16. d5 Bxe2 17. Qxe2 Ne5 18. Bf4 Rfe8 19. Bxe5 Rxe5 20. c4 Rd8 21. Nc2 Rg5 22. Ne3 Nh5 23. Qd2 Qf4 24. Rab1 b6 25. Rb5 Rd6 26. c5 bxc5 27. Rxc5 Rdg6 28. g3 Nf6 29. Rc6 Nd7 30. Nc4 Qg4 31. Re1 Rh5 32. Qd4 Rgg5 33. d6 Rxh2 34. Qxe4 Qh3 35. Rc8+ Nf8 36. Rxf8+ 1-0

[Event "29. Klatovy A 2023"]
[Site "Klatovy"]
[Date "2023.07.04"]
[Round "4.28"]
[White "Matejovsky, Ondrej"]
[Black "Hlavacek, Ondrej 1999"]
[Result "1/2-1/2"]
[WhiteElo "1928"]
[BlackElo "1780"]
[PlyCount "180"]
[EventDate "2023.07.01"]
[EventType "swiss"]
[EventRounds "9"]
[EventCountry "CZE"]

1. e4 c6 2. d4 d5 3. exd5 cxd5 4. c3 Nc6 5. Bd3 Nf6 6. h3 e5 7. dxe5 Nxe5 8. Bb5+ Bd7 9. Bxd7+ Qxd7 10. Ne2 Bc5 11. O-O O-O 12. Nd2 Rfd8 13. Nb3 Bd6 14. Ned4 h6 15. Bf4 Nc4 16. Bxd6 Nxd6 17. Nc5 Qc7 18. Nd3 Re8 19. Qf3 Nc4 20. Rfd1 Qe7 21. Nf5 Qe4 22. Nxh6+ Kf8 23. Nf5 Qxf3 24. gxf3 g6 25. Nd4 Re7 26. Re1 Rae8 27. b3 Rxe1+ 28. Rxe1 Rxe1+ 29. Nxe1 Ne5 30. Nec2 Nd3 31. Ne3 a6 32. Kf1 Nf4 33. h4 Ke7 34. Ng2 Ne6 35. Nxe6 Kxe6 36. Ke2 Ke5 37. Ke3 Nh5 38. f4+ Kf5 39. Kf3 Nf6 40. Ne3+ Ke6 41. Nc2 Ne4 42. Nd4+ Kd6 43. Ne2 Nf6 44. Ng3 b5 45. f5 Ke5 46. fxg6 fxg6 47. Ne2 Ne4 48. Ke3 Nd6 49. Nd4 Ne4 50. f4+ Kd6 51. c4 bxc4 52. bxc4 Nf6 53. f5 gxf5 54. Nxf5+ Ke5 55. Ne7 dxc4 56. Nc6+ Kf5 57. Kd4 Kg4 58. Nb4 a5 59. Nc6 c3 60. Nxa5 Kxh4 61. a4 Nd7 62. Nb3 c2 63. a5 Nb8 64. Kc5 Kg4 65. Kb6 Nd7+ 66. Kc6 Ne5+ 67. Kd5 Nd7 68. Kd6 Nb8 69. Kc5 Na6+ 70. Kb6 Nb8 71. Kb7 Nd7 72. Kc7 Nc5 73. Nc1 Na6+ 74. Kb6 Nb4 75. Kb5 Nd5 76. Kc5 Nc7 77. Kc6 Na6 78. Kb5 Nc7+ 79. Kc4 Kf4 80. Nd3+ Ke4 81. Nc5+ Ke5 82. Nb3 Kd6 83. Kc3 Kc6 84. Nd4+ Kc5 85. Nb3+ Kb5 86. Kxc2 Ne6 87. Kc3 Nc5 88. Nxc5 Kxc5 89. a6 Kb6 90. a7 Kxa7 1/2-1/2

[Event "29. Klatovy A 2023"]
[Site "Klatovy"]
[Date "2023.07.04"]
[Round "4.29"]
[White "Hosnedl, Jiri"]
[Black "Pick, Stepan"]
[Result "1-0"]
[WhiteElo "1858"]
[BlackElo "1911"]
[PlyCount "95"]
[EventDate "2023.07.01"]
[EventType "swiss"]
[EventRounds "9"]
[EventCountry "CZE"]

1. d4 f5 2. c4 Nf6 3. Nf3 g6 4. g3 Bg7 5. Bg2 O-O 6. Nc3 d6 7. O-O Qe8 8. Qb3 c6 9. d5 cxd5 10. cxd5 Na6 11. Be3 Nd7 12. Rac1 Ndc5 13. Qa3 Nc7 14. Bxc5 dxc5 15. Qxc5 Na6 16. Qa3 Bd7 17. e3 Nc7 18. Rfd1 Kh8 19. d6 Nb5 20. Nxb5 Bxb5 21. dxe7 Rf7 22. Nd4 Ba6 23. Nc6 Bf6 24. Rd8 Rxd8 25. exd8=Q Bxd8 26. Nxd8 Qxd8 27. Qc3+ Qf6 28. Qxf6+ Rxf6 29. Rc8+ Kg7 30. Bf3 Rb6 31. b3 Kf6 32. Ra8 Rd6 33. Rxa7 g5 34. h3 f4 35. gxf4 gxf4 36. exf4 Rd7 37. Ra8 Rd2 38. a4 Rd3 39. Be2 Rxb3 40. Bxa6 bxa6 41. Rxa6+ Kf5 42. Rh6 Ra3 43. Ra6 Kxf4 44. Kg2 Kg5 45. a5 Kh5 46. f3 Kg5 47. Kg3 h5 48. h4+ 1-0

[Event "29. Klatovy A 2023"]
[Site "Klatovy"]
[Date "2023.07.04"]
[Round "4.30"]
[White "Zadrapova, Amalie"]
[Black "Ruessel, Bernhard"]
[Result "1-0"]
[WhiteElo "1789"]
[BlackElo "1852"]
[PlyCount "89"]
[EventDate "2023.07.01"]
[EventType "swiss"]
[EventRounds "9"]
[EventCountry "CZE"]

1. e4 c6 2. d4 d5 3. exd5 cxd5 4. c4 Nf6 5. Nc3 e6 6. Nf3 Be7 7. Bd3 O-O 8. O-O dxc4 9. Bxc4 Nbd7 10. Bg5 Nb6 11. Bb3 Nbd5 12. Rc1 Nxc3 13. bxc3 b6 14. Qd3 Bb7 15. Rfe1 Rc8 16. Ne5 Nd5 17. Bxe7 Qxe7 18. Qg3 b5 19. f4 Qd6 20. Rf1 f6 21. Ng4 Kh8 22. c4 bxc4 23. Bxc4 Rxc4 24. Rxc4 Ba6 25. Rcc1 Bxf1 26. Rxf1 Rc8 27. Qf2 Kg8 28. f5 Nb4 29. Ne3 Qxd4 30. fxe6 Re8 31. Rd1 Nd3 32. Qe2 Nf4 33. Qf3 Qe5 34. Kh1 Nxe6 35. Ng4 Qb5 36. Qg3 Kf7 37. h3 Qb6 38. Ne3 Rd8 39. Re1 Rd3 40. Qf3 Qd4 41. Qh5+ g6 42. Qxh7+ Ng7 43. Ng4 f5 44. Ne5+ Ke6 45. Qxg6+ 1-0

[Event "29. Klatovy A 2023"]
[Site "Klatovy"]
[Date "2023.07.05"]
[Round "5.1"]
[White "Neuman, Petr"]
[Black "Vorisek, Jaroslav"]
[Result "1-0"]
[WhiteElo "2398"]
[BlackElo "2260"]
[PlyCount "51"]
[EventDate "2023.07.01"]
[EventType "swiss"]
[EventRounds "9"]
[EventCountry "CZE"]
[TimeControl "120+30"]

1. d4 {[%emt 0:00:04]} f5 {[%emt 0:00:08]} 2. g3 {[%emt 0:00:05]} Nf6 {[%emt 0:00:09]} 3. Bg2 {[%emt 0:00:05]} g6 {[%emt 0:00:18]} 4. c3 {[%emt 0:00:05]} Bg7 {[%emt 0:00:18]} 5. Qb3 {[%emt 0:00:08]} c6 {[%emt 0:00:54]} 6. Nd2 {[%emt 0:09:52]} d5 {[%emt 0:10:03]} 7. Nh3 {[%emt 0:02:39]} O-O {[%emt 0:10:03]} 8. Nf4 {[%emt 0:00:28]} e5 {[%emt 0:08:47]} 9. dxe5 {[%emt 0:00:35]} Ng4 {[%emt 0:00:07]} 10. c4 {[%emt 0:05:07]} d4 {[%emt 0:01:05]} 11. c5+ {[%emt 0:17:48]} Kh8 {[%emt 0:00:18]} 12. h4 {[%emt 0:00:05]} Bxe5 {[%emt 0:13:51]} 13. Nc4 {[%emt 0:05:49]} Bc7 {[%emt 0:36:42]} 14. Nd3 {[%emt 0:18:03]} Be6 {[%emt 0:06:19]} 15. Bg5 {[%emt 0:02:08]} Qe8 {[%emt 0:06:38]} 16. Qa4 {[%emt 0:12:30]} Bd5 {[%emt 0:09:58]} 17. Bxd5 {[%emt 0:00:25]} cxd5 {[%emt 0:00:01]} 18. Qxe8 {[%emt 0:00:08]} Rxe8 {[%emt 0:00:04]} 19. Nd6 {[%emt 0:00:13]} Bxd6 {[%emt 0:06:42]} 20. cxd6 {[%emt 0:00:27]} h6 {[%emt 0:00:21]} 21. Bf4 {[%emt 0:01:43]} Nc6 {[%emt 0:00:08]} 22. Rc1 {[%emt 0:02:02]} Rad8 {[%emt 0:02:18]} 23. Nc5 {[%emt 0:02:51]} Nce5 {[%emt 0:00:37]} 24. Nxb7 {[%emt 0:02:05]} d3 {[%emt 0:04:48]} 25. Bxe5+ {[%emt 0:05:51]} Rxe5 {[%emt 0:04:47]} 26. O-O {[%emt 0:03:08]} 1-0